Agriculture, forestry and fishery statistics

Guardado en:
Detalles Bibliográficos
Autor Corporativo: Eurostat
Formato: Libro
Lenguaje:inglés
Publicado: Luxembourg Publications Office of the European Union 2016
Edición:2015 ed.
Colección:Statistical books
Materias:
Etiquetas: Agregar Etiqueta
Sin Etiquetas, Sea el primero en etiquetar este registro!

MARC

LEADER 00000nam a2200000 4500
001 0214616
005 20240422085458.9
020 |a 978-92-79-50759-5 
022 |a 1977-2262 
041 0 |a eng 
044 |a LU 
245 1 0 |a Agriculture, forestry and fishery statistics 
250 |a 2015 ed. 
264 1 |a Luxembourg  |b Publications Office of the European Union  |c 2016 
300 |a 202 s. 
490 1 |a Statistical books 
830 0 |a Statistical books 
610 2 0 |a poľnohospodárstvo 
610 2 0 |a lesníctvo 
610 2 0 |a rybolov 
610 2 0 |a farmy 
610 2 0 |a farmy rodinné 
610 2 0 |a výrobky poľnohospodárske 
610 2 0 |a prostredie životné 
710 2 |a Eurostat